Quizzes
Events
Quiz Creation
Community
Videos
Private Events
Remove Ads
Sign In
Join for FREE
Feedback
Dark Mode
Quiz Categories
Sports
Geography
Music
Movies
Television
Just For Fun
Miscellaneous
History
Literature
Language
Science
Gaming
Entertainment
Religion
Holiday
For Kids
Quiz Lab
Recent
Popular Today
Quiz Kudos Today
Editor Picks
Curator Picks
Quizzes by...
Day
Popularity
Type
Ratings
Length
Year
Community
Subscriptions
Recent Discussions
Orange Saloon
Badges
Playlists
Quests
Create
Leaderboards
Showdown
Live 5
Trivia Bingo
Activity
Puzzle Library
Sporcle Events
Private Events
Virtual Trivia
Globe League
Become a Host
Pub Owners
SporcleCon
Opinionation
Our Games
Videos
Blog
Mobile Apps
Partnerships
Remove Ads and Go Orange
Feedback
Literature
Harry Potter
A Song of Ice and Fire
The Hunger Games
Literary Character
Shakespeare
Book
Author
Novel
Poem
Young Adult
Children's Books
Play
Lord of the Rings
Literature
Harry Potter
A Song of Ice and Fire
The Hunger Games
Literary Character
Shakespeare
Book
Author
Novel
Poem
Young Adult
Children's Books
Play
Lord of the Rings
Random Quiz
Search Sporcle
×
Quiz Lab
Quiz Lab
Literature
Book
Type in answers that appear in a list
Type in answers that appear in a list
Classic
Best Score? Go Orange.
50 D Books Stats
Can you name the authors of these books beginning with the letter 'D'?
By
rsdickinson
8m
50 Questions
224 Plays
224 Plays
224 Plays
Comments
Comments
Give Quiz Kudos
Give Quiz Kudos
-
- Ratings
hide this ad
Forced Order
Answers have to be entered in order
Answers have to be entered in order
Replay
Link that replays current quiz
Next Quiz
Link to next quiz in quiz playlist
You Got
0%
They Got
Avg Score
31%
Avg Friend Score
Upgrade to see
Score Distribution
Jump to the score distribution portion of the page
Score
0/50
Timer
08:00
0
Plays Today
Title
Author
% Correct
David Copperfield
Charles Dickens
93.3%
The Da Vinci Code
Dan Brown
92%
Diamonds Are Forever
Ian Fleming
88.4%
Dracula
Bram Stoker
86.2%
Divine Comedy
Dante
85.7%
Death on the Nile
Agatha Christie
84.8%
Dorothy and the Wizard in Oz
L. Frank Baum
80.8%
Don Quixote
Miguel de Cervantes
79.5%
Dubliners
James Joyce
75.9%
Doctor Zhivago
Boris Pasternak
70.5%
The Dead Zone
Stephen King
65.6%
Do Androids Dream of Electric Sheep?
Philip K. Dick
62.1%
Dune
Frank Herbert
60.7%
Dear John
Nicholas Sparks
42.9%
Daniel Deronda
George Eliot
41.5%
Death in Venice
Thomas Mann
41.5%
Dirk Gently's Holistic Detective Agency
Douglas Adams
37.5%
Down and Out in Paris and London
George Orwell
37.5%
Dead Souls
Nikolai Gogol
37.1%
Divergent
Veronica Roth
33%
The Day of the Jackal
Frederick Forsyth
30.4%
A Day in the Life of Ivan Denisovich
Aleksandr Solzhenitsyn
26.3%
Diary of a Wimpy Kid
Jeff Kinney
21.9%
Decline and Fall
Evelyn Waugh
20.5%
A Dance to the Music of Time
Anthony Powell
16.5%
Title
Author
% Correct
Deenie
Judy Blume
15.6%
The Devil Wears Prada
Lauren Weisberger
13.4%
Dragonsong
Anne McCaffrey
13.4%
The Dark is Rising
Susan Cooper
12.5%
Dark Places
Gillian Flynn
11.6%
Dead Until Dark
Charlaine Harris
9.8%
Doctor Thorne
Anthony Trollope
8.5%
A Discovery of Witches
Deborah Harkness
8%
Devine Secrets of the Ya-
Ya Sisterhood
Rebecca Wells
8%
Dodger
Terry Pratchett
6.3%
Double Act
Jacqueline Wilson
5.8%
A Darker Shade of Magic
V.E. Schwab
5.4%
Dancing in My Nuddy Pants
Louise Rennison
5.4%
Dragons of Winter Night
Magaret Weiss
4.9%
Dominion
C.J. Sansom
4.5%
Devil's Cub
Georgette Heyer
4%
The Dovekeepers
Alice Hoffman
3.6%
Dogsbody
Diana Wynne Jones
3.1%
The Duke and I
Julia Quinn
2.7%
Don't Tell Alfred
Nancy Mitford
2.7%
Desperate Remedies
Thomas Hardy
2.7%
Dust
Patricia Cornwell
2.7%
Dead Poets Society
N.H. Kleinbaum
2.2%
The Dark Beneath
Alan Gibbons
1.8%
The Demon Headmaster
Gillian Cross
1.3%
Quiz Playlist
Details
Report
Send in Message
Add To Playlist
Classic:
Type in answers that appear in a list
Forced Order:
Answers have to be entered in order
Last Updated: Jul 9, 2017
Quiz Scoreboard
CHALLENGE
Sign Up to Join the Scoreboard
Show All
Scores
Hide
Comments
May contain spoilers
Recently Published
An Introduction to Baseball
by treessimontrees
Sports
5m
Movies - When Are They Set?
by FPL_Elf
Movies
5m
Popular People in 1961
by mucciniale
History
6m
More to Explore
Quiz From the Vault
Featured Blog Post
Where Did the Easter Bunny Come From?
hide this ad
You Might Also Like...
Tags
Author Quiz
Book Quiz
Letter Quiz
Today's Top Quizzes in Literature
Browse Literature
hide this ad
Today's Top Quizzes in Book
Browse Book
Top Contributed Quizzes in Literature
1
Sneaky Slytherin Logic Puzzle
2
One Thing in Common: Literature
3
Get The Picture: Black or White Literature
4
Harry Potter Neighbourly Logic Puzzle #3
5
Weasley Family Reunion: Logic Puzzle
6
One Thing in Common: Books
7
One Thing in Common: Literature II
8
Harry Potter Neighbourly Logic Puzzle #1
9
Harry Potter Neighbourly Logic Puzzle #5
10
Harry Potter Neighbourly Logic Puzzle #6
Explore More
Trending Topics
NBA
Disney
Anime
Marvel
Crossword
Harry Potter
Kpop
Puzzle
The Office
WWE
Song
Soccer
Pokémon
NFL
Country
hide this ad
More By:
rsdickinson
Quiz
Plays
Rating
Category
Featured
Created
50 M Books
1,080
4.60
Literature
Jun 14, 2017
50 A Books
325
5.00
Literature
Apr 15, 2017
50 B Books
276
5.00
Literature
May 31, 2017
100 Eponymous Books
268
5.00
Literature
Mar 23, 2017
50 C Books
241
5.00
Literature
Jun 2, 2017
Go to Creator's Profile
Score Distribution
Quiz Creator Spotlight
rsdickinson
Follow
Send a Message
Quizzes Created
-
Created Quiz Play Count
-
More By This Creator
Popular Quizzes Today
1
Find the Countries of Europe - No Outlines Minefield
2
Find the US States - No Outlines Minefield
3
The Countries of the World
4
Popular People in 1961
5
US States
6
1-10 Letter E Words III
7
Find the US States
8
Risky Map Clicking: Biggest States A-Z
More Literature Quizzes
Edgar Allan Poe or Agatha Christie?
Published
Trending Quizzes
Risky Map Clicking: Least Populous States A-Z
1-10 Letter F Words
1-10 Letter G Words
One Thing in Common: United Kingdom
Risky Map Clicking: Next State Alphabetically
Recently Updated
Leaping Animals
pecheneg
Reality TV Shows (A-Z)
bhenderson79
Rickey Henderson's Hall of Fame Teammates
pecheneg
Champions League XIs: Arsenal
pecheneg
Quick Pick: Celebrities in WWE's Hall of Fame
aduchscher
A-Z Keypad Blitz II
pecheneg
Multiple Oscar Actors
pecheneg
Mystery Phrase Blitz: Oscar 'Best Actors'
pecheneg
F. Scott Fitzgerald Novels
LTH
Pick 3 Villains
ddd62291
Trending Topics
Marvel
Disney
Anime
Harry Potter
Crossword
NBA
Kpop
WWE
Puzzle
NFL
Country
The Office
Pokémon
Soccer
Song
Your Account Isn't Verified!
In order to create a playlist on Sporcle, you need to verify the email address you used during registration. Go to your
Sporcle Settings
to finish the process.
Report this User
Report this user for behavior that violates our
Community Guidelines
.
Details:
Send Report
Go to the Sporcle.com Mobile Site →
Comments